| 000 | 00370nam a2200145 a 4500 | ||
|---|---|---|---|
| 003 | 0 | ||
| 005 | 20170412120733.0 | ||
| 008 | 110218s19uu xx 00 eng d | ||
| 050 |
_aFIL E _bG22 1995 |
||
| 100 | _aGatmaitan, Luis | ||
| 245 |
_aSi Duglit, and dugong makulit : _bDuglit, the pesky red blood cell. |
||
| 260 | _bHiyas. | ||
| 942 |
_2ddc _cBK |
||
| 999 |
_c106344 _d106344 |
||